00611nam a2200205uu 4500001000800000005001700008008004100025035001200066035002100078040001300099041000800112082000800120110005500128245004500183260005900228300001800287490002500305650005000330650002500380121671720260508070505.0100917e19940917 spa  a1216717 a(OCoLC)777055996 ccomduadb aspa 4a65720aConsejo Tecnico de la Contaduria Publica4auteaut10aPronunciamiento sobre revisoría fiscal aBogotá :bMinisterio de Educación Nacional,c1994. a108 páginas0 aPronunciamiento ;v7 aHacienda pública - Legislación - Colombia aAuditoria - Colombia